Vista normal Vista MARC

Entrada Topical Term

Número de registros utilizados en: 1

001 - CONTROL NUMBER

  • control field: 1674

003 - CONTROL NUMBER IDENTIFIER

  • control field: OSt

005 - DATE AND TIME OF LATEST TRANSACTION

  • control field: 20200318125919.0

008 - FIXED-LENGTH DATA ELEMENTS

  • fixed length control field: 200318|| aca||aabn | a|a d

040 ## - CATALOGING SOURCE

  • Original cataloging agency: OSt
  • Transcribing agency: OSt

150 ## - HEADING--TOPICAL TERM

  • Topical term or geographic name entry element: P2P (Redes de computadores)

670 ## - SOURCE DATA FOUND

  • Source citation: Work cat.: (OSt)4906: Gallardo Pérez, Óscar Alberto, autor 1673, Construcción de un sistema distribuido Peer to Peer (P2P) / , 2013